[Event "Dos Hermanas Qualifier"]
[Site "Internet ICC"]
[Date "2000.03.19"]
[Round "3.2"]
[White "Golod,V"]
[Black "Almasi,I"]
[Result "0-1"]
[WhiteElo "2566"]
[BlackElo "2420"]

1.d4 d5 2.c4 c6 3.Nc3 Nf6 4.e3 e6 5.Nf3 Nbd7 6.Qc2 Bd6 7.Bd3 O-O 8.O-O dxc4
9.Bxc4 a6 10.Rd1 b5 11.Be2 Qc7 12.e4 e5 13.dxe5 Nxe5 14.Nxe5 Bxe5 15.g3 Re8
16.Bg5 Bxc3 17.bxc3 Nxe4 18.Bf4 Qe7 19.Bf3 Bf5 20.Qb2 Qf6 21.Rac1 Re7 22.Qb4 Rae8
23.Qd4 Qg6 24.c4 Bg4 25.Bxg4 Qxg4 26.cxb5 cxb5 27.Rd3 Qe2 28.Qe3 Nxf2 29.Qxe2 Rxe2
30.Rf3 Nh3+ 31.Kh1 Nxf4 32.Rxf4 Rxa2 33.h4 a5 34.h5 b4 35.Rb1 b3 36.h6 a4
37.hxg7 a3 38.Rf3 Rb2 39.Rxb3 Rxb3 40.Rxb3 a2 41.Ra3 Re1+ 42.Kg2 a1=Q 43.Ra8+ Qxa8+  0-1

[Event "Dos Hermanas Qualifier"]
[Site "Internet ICC"]
[Date "2000.03.19"]
[Round "4.1"]
[White "Tyomkin,D"]
[Black "Almasi,I"]
[Result "1/2-1/2"]
[WhiteElo "2516"]
[BlackElo "2420"]

1.d4 d5 2.c4 c6 3.Nc3 Nf6 4.e3 e6 5.Nf3 Nbd7 6.Qc2 Bd6 7.b3 O-O 8.Bb2 Qe7
9.Bd3 dxc4 10.bxc4 e5 11.dxe5 Nxe5 12.Nxe5 Bxe5 13.h3 Be6 14.O-O Rad8 15.Rad1 Bb8
16.Ne2 h6 17.Nd4 Bc8 18.Rd2 c5 19.Nf3 b6 20.Rfd1 Rfe8 21.Bxf6 Qxf6 22.Bh7+ Kh8
23.Rxd8 Rxd8 24.Be4 Rxd1+ 25.Qxd1 Bc7 26.Bd5 a6 27.Nd2 Bf5 28.Nf1 b5 29.Qb3 Bd7
30.Qd1 Be6 31.Qd3 b4 32.e4 Bc8 33.Qd1 Kh7 34.Ne3 Qf4 35.Nf1 Qf6 36.Ne3 Bf4
37.Nf1 a5 38.Qa4 Qg5 39.Qe8 Bxh3 40.g3 Be6 41.Bxe6 fxe6 42.Qxe6 Bc1 43.Qa6 Qd8
44.Kg2 Qe8 45.Qb7 Bb2 46.Qd5 Bd4 47.Nd2 Qa4 48.Nf3 Qxa2 49.Qf5+ g6 50.Qf7+ Bg7
51.Nh4 Qa4 52.Qxg6+ Kh8 53.Qf7 Qc6 54.f3 Qf6 55.Ng6+ Kh7 56.Nf8+ Kh8 57.Ng6+ Kh7
58.Nf8+ Kh8 59.Ng6+  1/2-1/2

[Event "Dos Hermanas Qualifier"]
[Site "Internet ICC"]
[Date "2000.03.19"]
[Round "4.3"]
[White "Tyomkin,D"]
[Black "Almasi,I"]
[Result "1-0"]
[WhiteElo "2516"]
[BlackElo "2420"]

1.d4 d5 2.c4 c6 3.Nc3 Nf6 4.e3 e6 5.Nf3 Nbd7 6.Qc2 Bd6 7.b3 O-O 8.Bb2 Qe7
9.Bd3 dxc4 10.bxc4 e5 11.O-O Re8 12.Ne4 exd4 13.Nxd6 Qxd6 14.exd4 Nf8 15.Rfe1 Bg4
16.Ne5 Bh5 17.f4 Ne6 18.Qf2 Rad8 19.c5 Qc7 20.f5 Nf8 21.h3 Nd5 22.g4 f6 23.gxh5 fxe5
24.dxe5 Nb4 25.Bc4+ Kh8 26.h6 Nd3 27.Bxd3 Rxd3 28.e6 Rg3+ 29.Kf1 Rxh3 30.hxg7+ Kg8
31.gxf8=Q+ Rxf8 32.Be5  1-0

[Event "55th ch-YUG"]
[Site "Subotica YUG"]
[Date "2000.03.20"]
[Round "4"]
[White "Ivanisevic,I"]
[Black "Kalezic,B"]
[Result "1-0"]
[WhiteElo "2460"]
[BlackElo "2403"]

1.d4 d5 2.c4 c6 3.Nc3 Nf6 4.Nf3 e6 5.e3 Nbd7 6.Qc2 Bd6 7.Bd3 dxc4 8.Bxc4 O-O
9.O-O Qe7 10.Bd2 e5 11.Rae1 e4 12.Ng5 Nb6 13.Bb3 Bf5 14.f3 Qc7 15.h3 Bg3
16.Rc1 Rae8 17.Ncxe4 Nxe4 18.fxe4 Bg6 19.Bb4 Bd6 20.Bxd6 Qxd6 21.Qf2 Qe7
22.Qg3 a5 23.a3 Kh8 24.Rf4 h6 25.Ne6 fxe6 26.Qxg6 e5 27.Rxf8+ Rxf8 28.Rf1 a4
29.Rxf8+ Qxf8 30.Be6 Qe7 31.Bf5 Kg8 32.d5 Nc4 33.dxc6 Nd6 34.Qe6+ Kf8 35.Qxe7+ Kxe7
36.c7  1-0

[Event "Amber Blindfold"]
[Site "Monaco MNC"]
[Date "2000.03.21"]
[Round "5"]
[White "Lautier,J"]
[Black "Anand,V"]
[Result "0-1"]
[WhiteElo "2632"]
[BlackElo "2769"]

1.d4 d5 2.c4 c6 3.Nc3 Nf6 4.e3 e6 5.Nf3 Nbd7 6.Bd3 Bd6 7.O-O O-O 8.e4 dxc4
9.Bxc4 e5 10.Bg5 Qe7 11.Re1 Rd8 12.Qb3 exd4 13.e5 Nxe5 14.Ne4 b5 15.Nxd6 Nxf3+
16.Qxf3 Qxd6 17.Bxb5 Bd7 18.Bd3 Re8 19.h3 Nd5 20.Re4 h6 21.Bh4 Qb4 22.b3 f5
23.Rxe8+ Rxe8 24.Bg3 Qc3 25.Rd1 Kh8 26.Bd6 Re6 27.Bb8 a5 28.Bc4 Re1+ 29.Rxe1 Qxe1+
30.Kh2 Nf6 31.Qf4 c5 32.Bd6 Qe4 33.Qg3 Be6 34.f3 f4 35.Qf2 Qc6 36.Bxf4 Bxc4
37.bxc4 Qe6 38.Qc2 Nd7 39.Bc7 Nb6 40.Bxb6 Qxb6 41.Kg1 Qe6 42.Qd3 Qe1+ 43.Kh2 a4
44.Qf5 Qe7 45.Qd5 Kh7 46.Qf5+ g6 47.Qd5 h5 48.f4 h4 49.a3 Qf6 50.g3 Qf5 51.Qg2 Kh6
52.Qd2 hxg3+ 53.Kxg3 g5 54.h4 Qxf4+ 55.Qxf4 gxf4+ 56.Kxf4 Kh5 57.Kg3 d3 58.Kf3 Kxh4
59.Ke3 Kg3 60.Kxd3 Kf3 61.Kd2 Ke4 62.Kc3 Ke3 63.Kc2 Ke2 64.Kc3 Ke3 65.Kc2 Kd4
66.Kd2 Kxc4 67.Kc2 Kd4 68.Kd2 c4 69.Kc2 c3 70.Kc1 Kc5 71.Kd1 Kd5 72.Kc1 Kd4  0-1

[Event "16th Spring Festival"]
[Site "Budapest HUN"]
[Date "2000.03.22"]
[Round "6"]
[White "Szentmihalyi,T"]
[Black "Hocevar,N"]
[Result "0-1"]
[WhiteElo "2001"]
[BlackElo "2174"]

1.d4 d5 2.c4 e6 3.Nc3 Nf6 4.Nf3 c6 5.e3 Nbd7 6.Bd3 Be7 7.O-O O-O 8.Qe2 Re8
9.Rd1 Bb4 10.e4 Bxc3 11.bxc3 dxe4 12.Bxe4 Qa5 13.Bd2 Nxe4 14.Qxe4 f6 15.c5 Nf8
16.c4 Qc7 17.Be3 Qf7 18.a4 Ng6 19.Rab1 h6 20.Qc2 e5 21.dxe5 fxe5 22.Qc3 Bg4
23.Rd6 Bxf3 24.gxf3 Nh4 25.Qd3 Qxf3 26.Kf1 e4 27.Qd1 Qg2+ 28.Ke2 Re7 29.Rd8+ Rxd8
30.Qxd8+ Kf7 31.Qc8 Qf3+ 32.Kd2 Qf5 33.Qxf5+ Nxf5 34.Bf4 Rd7+ 35.Ke2 g5 36.Bb8 a6
37.Bd6 Ke6 38.Bb8 Nd4+ 39.Ke3 Kf5 40.Bd6 Nf3 41.h3 Ne5 42.Rc1 h5 43.Rc3 g4
44.hxg4+ hxg4 45.Rc1 Rh7 46.Rc2 Rh3+ 47.Ke2 Rb3 48.a5 Rb4 49.Rc1 Nxc4 50.Bc7 Rb2+
51.Ke1 Ne5 52.Bxe5 Kxe5 53.Rd1 Rb5 54.Rd7 Rxc5 55.Rxb7 Rxa5 56.Rg7 Kf4 57.Rf7+ Rf5
58.Ra7 g3 59.fxg3+ Kxg3 60.Rxa6 Rc5 61.Ke2 Kf4 62.Kd2 Kf3 63.Ra8 e3+ 64.Kd3 Rd5+
65.Kc4 e2  0-1

[Event "Amber Rapidplay"]
[Site "Monaco MNC"]
[Date "2000.03.22"]
[Round "6"]
[White "Gelfand,B"]
[Black "Lautier,J"]
[Result "1/2-1/2"]
[WhiteElo "2692"]
[BlackElo "2632"]

1.d4 d5 2.c4 c6 3.Nc3 Nf6 4.e3 e6 5.Nf3 Nbd7 6.Bd3 dxc4 7.Bxc4 b5 8.Be2 Bb7
9.O-O b4 10.Na4 Be7 11.a3 a5 12.Qc2 O-O 13.Rd1 Qc7 14.axb4 axb4 15.Bd2 Ra5
16.Rac1 Qb8 17.b3 Ba8 18.e4 c5 19.e5 Nd5 20.Bg5 cxd4 21.Bxe7 Nxe7 22.Qc7 Ra7
23.Qxb8 Rxb8 24.Nxd4 Nxe5 25.f4 N5g6 26.g3 Bd5 27.Nc5 Ra2 28.Bf1 h5 29.Ra1 Rxa1
30.Rxa1 Nc6 31.Nxc6 Bxc6 32.Bc4 Ne7 33.Ra7 Nd5 34.Nd3 Ne3 35.Ne5 Be8 36.Be2 f6
37.Nc4 Nf5 38.Nd2 Nd4 39.Bc4 Bb5 40.Bxb5 Rxb5 41.Kf2 Rc5 42.Rb7 Rc2 43.Ke3 Nxb3
44.Ne4 Rc4 45.Rb6 Nc1 46.Rxe6 b3 47.Rb6 Rc2 48.h3 Rh2 49.Nf2 Rg2 50.Kf3 Rg1
51.g4 h4 52.g5 fxg5 53.fxg5 Rxg5 54.Ne4 Rg1 55.Kf2 Rd1 56.Ng5 Kf8 57.Kf3 Rg1
58.Ne4 Ke7 59.Rb7+ Kd8 60.Kf2 Rd1 61.Nc5 Rd2+ 62.Ke3 Rc2 63.Nxb3 Rc3+ 64.Kf4 Rxb3
65.Rxg7 Ne2+ 66.Kf5 Rf3+ 67.Ke4 Rxh3 68.Rg2 Nc3+ 69.Kf4 Rd3 70.Kg4 Rd4+ 71.Kh5 Nd5
72.Rh2 h3 73.Kg5 Nf4 74.Kf5 Ke7 75.Ke5 Ra4 76.Kf5 Kf7 77.Rh1 Kg7 78.Kg5 Kf7
79.Kf5 Ke7 80.Ke5 Rc4 81.Rh2 Kd7 82.Rd2+ Kc6 83.Rh2 Kc5 84.Kf5 Kb4 85.Kg4 Kc3
86.Kg3 Kd3 87.Rf2 Ke3 88.Rf3+ Ke2 89.Rf2+ Ke1 90.Ra2 Rd4 91.Rb2 Kf1 92.Rb1+ Ke2
93.Rb2+ Ke3 94.Rb3+ Rd3 95.Rb4 Ke2+ 96.Kxf4 h2 97.Rb1 Rh3 98.Rb2+ Kd1 99.Rb1+ Ke2
100.Rb2+ Ke1 101.Rb1+ Kf2 102.Rb2+ Ke1 103.Rb1+ Kd2 104.Rh1 Ke2 105.Kg4 Rh8
106.Kg3 Rg8+ 107.Kf4 Rg2 108.Ra1 Kd3 109.Rh1 Ke2 110.Ra1 Kd3 111.Rh1  1/2-1/2

[Event "Cat XI Spring"]
[Site "Kiev UKR"]
[Date "2000.03.23"]
[Round "2"]
[White "Kruppa,Y"]
[Black "Vysochin,S"]
[Result "1/2-1/2"]
[WhiteElo "2561"]
[BlackElo "2494"]

1.d4 d5 2.c4 c6 3.Nc3 Nf6 4.e3 e6 5.Nf3 Nbd7 6.Bd3 dxc4 7.Bxc4 b5 8.Bd3 a6
9.e4 c5 10.e5 cxd4 11.Nxb5 Nxe5 12.Nxe5 axb5 13.Bxb5+ Bd7 14.Nxd7 Qa5+ 15.Bd2 Qxb5
16.Nxf8 Rxf8 17.a4 Qc4 18.b3 Qd3 19.Qf3 Qe4+ 20.Qxe4 Nxe4 21.b4 Ke7 22.Ke2 Rfc8
23.Rhc1 Rxc1 24.Bxc1 Nc3+ 25.Kd3 Nxa4 26.Kxd4 Rd8+ 27.Kc4 Nb6+ 28.Kb5 Nd5
29.Ra7+ Kf6 30.Bb2+ Kg6 31.Be5 Rc8 32.Bd6 Rc2 33.Bc5 h5 34.Ra3 h4 35.Ka5 Rb2
36.Ka4 Nxb4 37.Bxb4 Rxf2 38.Rh3 Rxg2 39.Rxh4 Kf5 40.Kb3 g5 41.Rh6 e5 42.Be7 g4  1/2-1/2

[Event "ch-ISL (team)"]
[Site "Reykjavik ISL"]
[Date "2000.03.24"]
[Round "?"]
[White "Leosson,T"]
[Black "Halldorsson,Br"]
[Result "0-1"]
[WhiteElo "2144"]
[BlackElo "2243"]

1.d4 d5 2.c4 c6 3.Nc3 Nf6 4.e3 e6 5.Nf3 Nbd7 6.Bd3 dxc4 7.Bxc4 b5 8.Bd3 a6
9.a4 b4 10.Ne4 c5 11.Bd2 Bb7 12.Qb1 Rc8 13.b3 a5 14.h4 Be7 15.Rg1 Nxe4 16.Bxe4 Bxe4
17.Qxe4 Nf6 18.Qd3 O-O 19.e4 cxd4 20.e5 Nd7 21.Ng5 Bxg5 22.hxg5 Nxe5 23.Qh3 Qd5  0-1

[Event "21st Open A"]
[Site "Bled SLO"]
[Date "2000.03.25"]
[Round "1"]
[White "Atalik,S"]
[Black "Filipenko,A"]
[Result "0-1"]
[WhiteElo "2575"]
[BlackElo "2370"]

1.d4 d5 2.c4 c6 3.Nc3 Nf6 4.e3 e6 5.Nf3 Nbd7 6.Qc2 b6 7.cxd5 exd5 8.g3 Bd6
9.Bg2 Ba6 10.Ng1 O-O 11.Nge2 Qe7 12.O-O Ne4 13.f3 Nxc3 14.bxc3 f5 15.Rf2 Bc4
16.Bd2 b5 17.Nc1 h5 18.Bh3 g6 19.Nd3 Kg7 20.Re1 Nf6 21.Rg2 Rae8 22.Qb1 Nh7
23.Rf2 h4 24.Nf4 Ng5 25.Bg2 hxg3 26.hxg3 Rh8 27.Bf1 Qc7 28.Bxc4 bxc4 29.Kg2 Rh7
30.Rff1 Reh8 31.Rh1 Rxh1 32.Rxh1 Rxh1 33.Qxh1 Qb6 34.Qh4 Bxf4 35.Qxf4 Nf7
36.e4 dxe4 37.fxe4 fxe4 38.Qxe4 Qa5 39.Qe2 Qd5+ 40.Kg1 g5 41.Qe7 a5 42.Kf2 Qf5+
43.Kg2 Qc2 44.Qe3 Qxa2 45.d5 cxd5 46.Qd4+ Kg6 47.Qxd5 Qc2 48.g4 a4 49.Kf3 a3
50.Be3 Qxc3 51.Qe4+ Kh6 52.Ke2 Qb2+ 53.Kf3 Qf6+ 54.Kg2 a2 55.Bd4 a1=Q 56.Bxa1 Qxa1
57.Qxc4 Qf6 58.Qe4 Qb2+ 59.Kh3 Ne5 60.Qe3 Ng6 61.Qe6 Qe2 62.Qf6 Qe3+ 63.Kg2 Qe5
64.Qc6 Kg7 65.Qd7+ Qe7 66.Qd4+ Ne5 67.Qe3 Qf6 68.Kg3 Ng6 69.Qa7+ Kh6 70.Qd7 Ne5  0-1

[Event "55th ch-YUG"]
[Site "Subotica YUG"]
[Date "2000.03.25"]
[Round "8"]
[White "Antic,D"]
[Black "Kosic,D"]
[Result "1/2-1/2"]
[WhiteElo "2491"]
[BlackElo "2521"]

1.Nf3 d5 2.c4 c6 3.d4 Nf6 4.Nc3 e6 5.e3 Nbd7 6.Bd3 dxc4 7.Bxc4 b5 8.Bd3 a6
9.e4 c5 10.e5 cxd4 11.Ne4  1/2-1/2

[Event "Amber Rapidplay"]
[Site "Monaco MNC"]
[Date "2000.03.26"]
[Round "9"]
[White "Ljubojevic,L"]
[Black "Piket,Je"]
[Result "0-1"]
[WhiteElo "2559"]
[BlackElo "2633"]

1.Nf3 d5 2.d4 Nf6 3.c4 c6 4.Nc3 e6 5.e3 Nbd7 6.Qc2 Bd6 7.Be2 O-O 8.O-O dxc4
9.Rd1 b5 10.e4 Be7 11.a4 Bb7 12.axb5 cxb5 13.e5 Nd5 14.Nxb5 N7b6 15.Nd6 Bxd6
16.Ng5 f5 17.exd6 Qxd6 18.Bxc4 h6 19.Bxd5 Bxd5 20.Nh3 Rfc8 21.Qd3 Be4 22.Bf4 Bxd3
23.Bxd6 Bc2 24.Re1 Rc6 25.Bc5 g5 26.Ra3 a5 27.Rc1 Be4 28.f4 g4 29.Nf2 Bd5
30.Nd3 Nc4 31.Rac3 Nd2 32.Ne5 Rc7 33.Bd6 Rxc3 34.Rxc3 Ne4  0-1

[Event "21st Open A"]
[Site "Bled SLO"]
[Date "2000.03.27"]
[Round "3"]
[White "Jankovic,A"]
[Black "Kutuzovic,B"]
[Result "0-1"]
[WhiteElo "2320"]
[BlackElo "2432"]

1.d4 d5 2.c4 c6 3.e3 Nf6 4.Nf3 e6 5.Nc3 Nbd7 6.Qc2 Bd6 7.Bd3 O-O 8.O-O dxc4
9.Bxc4 Qe7 10.h3 e5 11.a3 Bb8 12.Re1 e4 13.Ng5 Nb6 14.Ba2 Bf5 15.f3 Qd6 16.f4 h6
17.Ngxe4 Nxe4 18.Nxe4 Qg6 19.Bb1 Kh8 20.Qc5 Nd7 21.Qe7 Bxf4 22.Nf2 Bg3 23.Rf1 Bxb1
24.Qxd7 Bf5 25.Qxb7 Rae8 26.Bd2 Rb8 27.Qxa7 Rxb2 28.Bb4 Bxh3 29.Rab1 Bh2+  0-1

[Event "Ciocaltea Mem"]
[Site "Bucharest ROM"]
[Date "2000.03.27"]
[Round "13"]
[White "Marin,M"]
[Black "Rogozenko,D"]
[Result "1/2-1/2"]
[WhiteElo "2555"]
[BlackElo "2562"]

1.c4 c6 2.d4 d5 3.e3 Nf6 4.Nc3 e6 5.Nf3 Nbd7 6.Bd3 dxc4 7.Bxc4 b5 8.Bd3 b4
9.Ne4 Bb7 10.O-O Be7 11.Qc2  1/2-1/2

[Event "55th ch-YUG"]
[Site "Subotica YUG"]
[Date "2000.03.27"]
[Round "10"]
[White "Antic,D"]
[Black "Kalezic,B"]
[Result "1-0"]
[WhiteElo "2491"]
[BlackElo "2403"]

1.d4 d5 2.c4 c6 3.Nf3 Nf6 4.Nc3 e6 5.e3 Nbd7 6.Qc2 Bd6 7.Bd3 dxc4 8.Bxc4 O-O
9.O-O Qe7 10.h3 b5 11.Be2 a6 12.e4 e5 13.Be3 Bb7 14.Rfe1 Rac8 15.Bf1 c5 16.d5 c4
17.Ne2 Nh5 18.Ng3 Nxg3 19.fxg3 Bc5 20.Bxc5 Rxc5 21.g4 Rfc8 22.Qc3 R5c7 23.a3 Qd6
24.g5 Re8 25.Rac1 Nc5 26.h4 Bc8 27.Qe3 Nb3 28.Rc3 Bg4 29.Nh2 Bd7 30.Qg3 Nc5
31.Nf3 Kh8 32.Kh2 Bc8 33.h5 Na4 34.Rc2 c3 35.b3 Nc5 36.b4 Nxe4 37.Rxe4 Bf5
38.Bd3 Bxe4 39.Bxe4 Kg8 40.h6 f5 41.Bxf5 Qxd5 42.g6 gxh6 43.gxh7+ Kh8 44.Nh4 Qd4
45.Ng6+ Kxh7 46.Nxe5+  1-0

[Event "Amber Rapidplay"]
[Site "Monaco MNC"]
[Date "2000.03.28"]
[Round "11"]
[White "Ljubojevic,L"]
[Black "Topalov,V"]
[Result "1-0"]
[WhiteElo "2559"]
[BlackElo "2702"]

1.d4 d5 2.Nf3 Nf6 3.c4 e6 4.Nc3 c6 5.e3 Nbd7 6.Qc2 Bd6 7.Be2 O-O 8.O-O dxc4
9.Bxc4 b5 10.Be2 Bb7 11.Bd2 a6 12.Ne4 Nxe4 13.Qxe4 Rb8 14.Qg4 Qe7 15.Rfd1 c5
16.dxc5 Nxc5 17.Bc3 f6 18.Bb4 Rbc8 19.Nd4 f5 20.Qh3 Rf6 21.g3 Rh6 22.Qf1 Rf8
23.Bf3 Bxf3 24.Nxf3 Ne4 25.Bxd6 Nxd6 26.Ne5 Ne4 27.Rac1 Qb4 28.Qe2 Qa5 29.a3 b4
30.Nc6 Qb6 31.Nxb4 e5 32.Nd5 Qe6 33.Rc6 Qf7 34.Rxh6 gxh6 35.Qxa6 Kg7 36.Qe2 Rc8
37.Nb4 Qb7 38.Qf3 Qf7 39.g4 Ng5 40.Qxf5 Qxf5 41.gxf5 Nf3+ 42.Kg2 Nh4+ 43.Kf1 Kf6
44.Nd5+ Kg5 45.f6 e4 46.Nc3 Kxf6 47.Nxe4+ Ke5 48.Nc3  1-0

[Event "55th ch-YUG"]
[Site "Subotica YUG"]
[Date "2000.03.28"]
[Round "11"]
[White "Markovic,Miros"]
[Black "Sedlak,N"]
[Result "0-1"]
[WhiteElo "2586"]
[BlackElo "2323"]

1.Nf3 Nf6 2.d4 d5 3.c4 c6 4.Nc3 e6 5.e3 Nbd7 6.Qc2 Bd6 7.g4 Bb4 8.Bd2 Qe7
9.Rg1 b6 10.cxd5 cxd5 11.Bd3 Bb7 12.g5 Ne4 13.Nxe4 dxe4 14.Bxe4 Rc8 15.Qb3 Bxd2+
16.Nxd2 Bxe4 17.Nxe4 O-O 18.Ke2 f5 19.Nd2 f4 20.Rac1 Rxc1 21.Rxc1 fxe3 22.Qxe3 Qd6
23.h4 e5 24.Rc4 Qd5 25.b3 b5 26.Rc7 Qd6 27.Rxa7 exd4 28.Qd3 Nc5 29.Qg3 d3+
30.Ke1 Qd4 31.Kf1 Nxb3 32.Rxg7+ Kxg7 33.axb3 Rf4 34.h5 b4 35.f3 Qe3 36.Qf2 Qxf2+
37.Kxf2 Rf5 38.Ne4 d2 39.Ke2 Rxf3 40.Nxd2 Rh3 41.Nf3 Rxh5 42.Ke3 Kg6 43.Kf4 Rh3
44.Ne5+ Kh5  0-1

[Event "Cat XI Spring"]
[Site "Kiev UKR"]
[Date "2000.03.29"]
[Round "8"]
[White "Kruppa,Y"]
[Black "Korotylev,A"]
[Result "1/2-1/2"]
[WhiteElo "2561"]
[BlackElo "2477"]

1.d4 d5 2.c4 c6 3.Nc3 Nf6 4.e3 e6 5.Nf3 Nbd7 6.Bd3 dxc4 7.Bxc4 b5 8.Bd3 Bb7
9.O-O a6 10.e4 c5 11.d5 Qc7 12.Bg5 c4 13.Rc1 Bd6 14.Bb1 O-O 15.Re1 Ng4 16.h3 Nge5
17.Nxe5 Nxe5 18.a4  1/2-1/2

[Event "Cat XI Spring"]
[Site "Kiev UKR"]
[Date "2000.03.30"]
[Round "9"]
[White "Korotylev,A"]
[Black "Vysochin,S"]
[Result "1/2-1/2"]
[WhiteElo "2477"]
[BlackElo "2494"]

1.d4 d5 2.c4 c6 3.Nc3 Nf6 4.e3 e6 5.Nf3 Nbd7 6.Qc2 Bd6 7.Be2 O-O 8.O-O dxc4
9.Bxc4 a6 10.Rd1 b5 11.Be2 Qc7 12.Ne4 Nxe4 13.Qxe4 e5 14.Qh4 Re8 15.Bd3 h6
16.Bd2 Be7 17.Qg3 Bd6 18.Qh4 Be7 19.Qg3 Bd6  1/2-1/2

[Event "ch-LTU"]
[Site "Vilnius LTU"]
[Date "2000.03.30"]
[Round "6"]
[White "Cmilyte,V"]
[Black "Sakalauskas,V"]
[Result "1/2-1/2"]
[WhiteElo "2329"]
[BlackElo "2403"]

1.d4 d5 2.c4 c6 3.Nf3 Nf6 4.Nc3 e6 5.e3 Nbd7 6.Qc2 b6 7.Bd2 Bb7 8.cxd5 exd5
9.O-O-O Bb4 10.Bd3 O-O 11.Kb1 Re8 12.Rhe1 c5 13.Nb5 Bxd2 14.Nxd2 Qb8 15.h3 Bc6
16.Nc3 Qb7 17.Bf1 Rac8 18.g4 h6 19.Bg2 b5 20.dxc5 Nxc5 21.Nb3 Nce4 22.Nxe4 dxe4
23.Na5 Qb6 24.Nxc6 Rxc6 25.Qb3 a6 26.Rc1 Rec8 27.Qb4 Qd8 28.Qd4 Rxc1+ 29.Rxc1 Rxc1+
30.Kxc1 Qc7+ 31.Qc3 Qh2 32.Qc8+ Kh7 33.Qf5+ Kg8 34.Qc8+ Kh7 35.Qf5+ Kh8 36.Bxe4 Nxe4  1/2-1/2

[Event "21st Open A"]
[Site "Bled SLO"]
[Date "2000.03.31"]
[Round "7"]
[White "Kozul,Z"]
[Black "Borovikov,V"]
[Result "1/2-1/2"]
[WhiteElo "2597"]
[BlackElo "2472"]

1.d4 d5 2.c4 c6 3.Nc3 Nf6 4.e3 e6 5.Nf3 Nbd7 6.Bd3 dxc4 7.Bxc4 b5 8.Bd3 Bb7
9.e4 b4 10.Na4 c5 11.e5 Nd5 12.O-O cxd4 13.Re1 g6 14.Bg5 Qa5 15.Nd2 Ba6 16.Nc4 Bxc4
17.Bxc4 Bg7 18.Qxd4 O-O 19.Bb3 Rac8 20.f4 Rfe8 21.Rad1 N7b6 22.Nxb6 Nxb6
23.Kh1 Qb5 24.f5 exf5 25.Bf6 Bxf6 26.exf6 Rxe1+ 27.Rxe1 Re8 28.Rc1 h5 29.h3 Qd7
30.Qf4 Kh7 31.Rc7 Nd5 32.Rxd7 Nxf4 33.Rxf7+ Kh6 34.Rxa7 Rf8 35.f7 Nd3 36.Rd7 Nc5
37.Rc7 Nxb3 38.axb3 Kg7 39.Rb7 Rxf7 40.Rxb4 Rd7 41.h4 Rd2 42.Kh2 Rxb2 43.Kg3 g5
44.Rb7+ Kf6 45.Rb6+ Kg7 46.hxg5 Kf7 47.Kh3 Kg7 48.b4 Rb1 49.Kg3 Rb2 50.b5 Rb4
51.Kf3 h4 52.Rb8 Kg6 53.b6 Kxg5 54.b7 Rb3+ 55.Ke2 Kf4 56.Kd2 Rb6 57.Kc3 Rb1
58.Kd3 Rb6 59.Kd4 Rb1 60.Kc4 Rc1+ 61.Kd5 Rb1 62.Kd4  1/2-1/2

[Event "55th ch-YUG"]
[Site "Subotica YUG"]
[Date "2000.03.31"]
[Round "13"]
[White "Markovic,Miros"]
[Black "Kosic,D"]
[Result "1-0"]
[WhiteElo "2586"]
[BlackElo "2521"]

1.d4 d5 2.Nf3 Nf6 3.c4 c6 4.Nc3 e6 5.e3 Nbd7 6.Qc2 Bd6 7.g4 Nxg4 8.Rg1 Nxh2
9.Nxh2 Bxh2 10.Rxg7 Nf8 11.Rg2 Bc7 12.e4 Ng6 13.Bg5 f6 14.Bh6 Nh4 15.O-O-O Nxg2
16.Bxg2 Qd6 17.f4 Ba5 18.exd5 Bxc3 19.c5 Qc7 20.d6 Bxb2+ 21.Qxb2 Qf7 22.Rh1 Rg8
23.Bf3 Rg6 24.Bh5 b6 25.Qe2 Kd8 26.f5 exf5 27.Bxg6 hxg6 28.Bg7 Bb7 29.Re1 bxc5
30.dxc5 Kd7 31.Qe7+ Qxe7 32.Rxe7+ Kc8 33.Bxf6 a5 34.d7+ Kc7 35.d8=Q+  1-0

[Event "21st Open A"]
[Site "Bled SLO"]
[Date "2000.04.02"]
[Round "9"]
[White "Kozul,Z"]
[Black "Miroshnichenko,E"]
[Result "1-0"]
[WhiteElo "2597"]
[BlackElo "2465"]

1.d4 d5 2.c4 c6 3.e3 Nf6 4.Nc3 e6 5.Nf3 Nbd7 6.Bd3 dxc4 7.Bxc4 b5 8.Bd3 Bb7
9.a3 b4 10.axb4 Bxb4 11.O-O c5 12.Qe2 O-O 13.Rd1 Qe7 14.Ba6 Nb6 15.Na2 Bxa6
16.Qxa6 cxd4 17.Nxb4 Qxb4 18.Rxd4 Qb3 19.Bd2 Rac8 20.Bb4 Rfd8 21.Bc3 Nfd5
22.Qd3 Nd7 23.e4 Nxc3 24.bxc3 Rxc3 25.Qd1 Qb7 26.Ne5 Rc7 27.Rb1  1-0

[Event "FSGM April"]
[Site "Budapest HUN"]
[Date "2000.04.02"]
[Round "2"]
[White "Hoang Thanh Trang"]
[Black "Horvath,Cs"]
[Result "1/2-1/2"]
[WhiteElo "2448"]
[BlackElo "2519"]

1.d4 d5 2.c4 e6 3.Nc3 c6 4.e3 Nf6 5.Nf3 Nbd7 6.Qc2 Bd6 7.b3 O-O 8.Be2 Re8
9.O-O Qe7 10.Rd1 b6 11.e4 dxe4 12.Nxe4 Nxe4 13.Qxe4 Bb7  1/2-1/2

[Event "Chess@iceland rapidplay Semifinal"]
[Site "Kopavogur ISL"]
[Date "2000.04.02"]
[Round "1"]
[White "Wojtkiewicz,A"]
[Black "Kasparov,G"]
[Result "1/2-1/2"]
[WhiteElo "2563"]
[BlackElo "2851"]

1.d4 d5 2.c4 c6 3.Nf3 Nf6 4.Nc3 e6 5.e3 Nbd7 6.Qc2 Bd6 7.Bd3 O-O 8.O-O dxc4
9.Bxc4 b5 10.Be2 Bb7 11.a3 a6 12.b4 a5 13.Rb1 axb4 14.axb4 Nd5 15.Nxd5 exd5
16.Bd3 h6 17.e4 dxe4 18.Bxe4 Nf6 19.Bd3 Nd5 20.Bd2 Ra4 21.Be4 Nxb4 22.Bxb4 Rxb4
23.Rxb4 Bxb4 24.Bxc6 Qc7 25.d5 Bd6 26.g3 Qb6 27.Bxb7 Qxb7 28.Qc6 Qxc6 29.dxc6 Rc8
30.Nd4 b4 31.Rc1 Be5 32.Rc4  1/2-1/2

[Event "55th ch-YUG"]
[Site "Subotica YUG"]
[Date "2000.04.02"]
[Round "15"]
[White "Markovic,Miros"]
[Black "Kalezic,B"]
[Result "1-0"]
[WhiteElo "2586"]
[BlackElo "2403"]

1.d4 d5 2.c4 c6 3.Nf3 Nf6 4.Nc3 e6 5.e3 Nbd7 6.Qc2 Bd6 7.g4 Nxg4 8.Rg1 Nh6
9.e4 dxe4 10.Nxe4 Bb4+ 11.Bd2 Bxd2+ 12.Qxd2 Nf5 13.O-O-O Nf6 14.Bd3 g6 15.Nc3 Nxd4
16.Bc2 c5 17.Nb5 O-O 18.Nbxd4 cxd4 19.Qh6 d3 20.Rxd3 Qc7 21.Ng5 Qf4+ 22.Kb1 Qxf2
23.Rdd1 Qe2 24.Nxh7 Qxd1+ 25.Bxd1 Nxh7 26.Bc2 Kh8 27.Rg4 Rg8 28.Rh4 Rg7 29.Qd2 Kg8
30.Qd8+ Nf8 31.c5 f5 32.Rh6 b6 33.Bb3 bxc5 34.h4 a5 35.h5 gxh5 36.Rxh5 Rg1+
37.Kc2 Rg2+ 38.Kc1 Rg1+ 39.Kd2 Rg2+ 40.Ke3 Rg3+ 41.Kf4 Rg4+ 42.Ke5 c4 43.Rg5+ Rxg5
44.Qxg5+ Kf7 45.Bxc4 a4 46.Qxf5+ Ke8 47.Qh5+ Ke7 48.Qg5+ Kf7 49.Qf6+ Kg8
50.Qd8 Kf7 51.Bd3 Kg8 52.Kf6 a3 53.Bh7+ Kxh7 54.Qe7+  1-0

[Event "Chalapathi GM"]
[Site "Guntur, AP IND"]
[Date "2000.04.04"]
[Round "2"]
[White "Prakash,G"]
[Black "Sandipan,C"]
[Result "1/2-1/2"]
[WhiteElo "2435"]
[BlackElo "2424"]

1.d4 d5 2.c4 e6 3.Nf3 c6 4.e3 Nf6 5.Nc3 Nbd7 6.Qc2 Bd6 7.Bd3 O-O 8.O-O h6
9.b3 b6 10.Bb2 Bb7 11.Rad1 Rc8 12.e4 dxe4 13.Nxe4 Nxe4 14.Bxe4 Nf6 15.Bd3 c5
16.d5 exd5 17.cxd5 a6 18.Ne5 Qc7 19.Nc4 Bxh2+ 20.Kh1 Nxd5 21.Bh7+ Kh8 22.Be4 Rcd8
23.Qe2 f5 24.Bxd5 Bxd5 25.Nxb6 Qxb6 26.Kxh2 Qg6 27.f3 Rfe8 28.Qf2 Kh7 29.Qg3 Re2
30.Qxg6+ Kxg6 31.Ba3 Rd7 32.Bxc5 Rxa2 33.Rf2 Rxf2 34.Bxf2 Kf7 35.Bc5 g5 36.Kg3 h5
37.Kf2 Ke6 38.Re1+ Kf6 39.Rd1 h4 40.Ke3 Ke5 41.b4 Rh7 42.Rh1 g4 43.Bd4+ Kd6
44.Kf4 h3 45.Kxf5 Rf7+ 46.Kxg4 hxg2 47.Rh6+ Kd7 48.Rxa6 Bxf3+ 49.Kg3 Bb7
50.Ra7 Kc8 51.Rxb7 Rxb7 52.Kxg2 Rxb4 53.Bf2 Kd7 54.Kf3 Ke6 55.Kg2 Kf5 56.Kf3 Rb3+
57.Kg2 Kg4 58.Bd4 Rd3 59.Bc5 Rd2+ 60.Bf2 Rc2 61.Kg1  1/2-1/2

[Event "Open"]
[Site "Dos Hermanas ESP"]
[Date "2000.04.08"]
[Round "2"]
[White "Tyomkin,D"]
[Black "Linan Baena,J"]
[Result "1-0"]
[WhiteElo "2516"]
[BlackElo "2175"]

1.d4 d5 2.c4 c6 3.Nc3 Nf6 4.e3 e6 5.Nf3 Nbd7 6.Qc2 Bd6 7.b3 O-O 8.Bb2 Re8
9.Bd3 e5 10.dxe5 Nxe5 11.Nxe5 Bxe5 12.O-O-O Be6 13.f4 Bd6 14.h3 Qa5 15.g4 Qc5
16.Rhe1 dxc4 17.bxc4 Bxc4 18.Bxc4  1-0

[Event "19th Open"]
[Site "Reykjavik ISL"]
[Date "2000.04.08"]
[Round "4"]
[White "Agrest,E"]
[Black "Halldorsson,Br"]
[Result "1-0"]
[WhiteElo "2604"]
[BlackElo "2243"]

1.c4 c6 2.Nc3 d5 3.d4 Nf6 4.e3 e6 5.Nf3 Nbd7 6.Qc2 Bd6 7.Bd3 dxc4 8.Bxc4 b5
9.Bd3 Bb7 10.O-O O-O 11.e4 e5 12.Rd1 Qc7 13.h3 a6 14.a4 b4 15.Ne2 c5 16.dxe5 Bxe5
17.Nxe5 Nxe5 18.Bf4 Rac8 19.b3 Rfd8 20.Bxe5 Qxe5 21.f3 Nh5 22.Bc4 a5 23.Rxd8+ Rxd8
24.Rd1 Qc7 25.e5 g6 26.Rxd8+ Qxd8 27.e6 Qd6 28.exf7+ Kg7 29.Qc1 Bc8 30.Qe3 Nf6
31.Qe8 Qf8  1-0

[Event "Bundesliga 1999-2000"]
[Site "Delmenhorst GER"]
[Date "2000.04.09"]
[Round "15"]
[White "Brenninkmeijer,J"]
[Black "Pezerovic,E"]
[Result "1-0"]
[WhiteElo "2499"]
[BlackElo "2436"]

1.d4 Nf6 2.c4 e6 3.Nf3 d5 4.Nc3 c6 5.e3 Bd6 6.Bd3 Nbd7 7.e4 dxe4 8.Nxe4 Nxe4
9.Bxe4 e5 10.O-O exd4 11.Qxd4 Qf6 12.Bg5 Qxd4 13.Nxd4 Be5 14.Rad1 f6 15.Be3 Bxd4
16.Bxd4 Kf7 17.f4 Nb6 18.b3 f5 19.Bf3 Be6 20.Bh5+ g6 21.Bxh8 Rxh8 22.Bf3 Re8
23.Rfe1 Na8 24.Re5 Nc7 25.Kf2 Kf6 26.Rd4 a6 27.g3 h5 28.Be2 Ke7 29.a4 Rd8
30.Rxd8 Kxd8 31.h3 Kd7 32.g4 hxg4 33.hxg4 Ne8 34.gxf5 gxf5 35.Bd3 Ng7 36.Re1 c5
37.Rh1 Ke7 38.Rh8 Bd7 39.Rh7 Kf6 40.Rh6+ Ke7 41.Rg6 Ne8 42.a5 Nd6 43.Ke3 Be8
44.Rh6 Kd7 45.Rh7+ Ke6 46.Be2 Bc6 47.Bf3 Bxf3 48.Kxf3 Nf7 49.Kg3 Nd8 50.Kh4 Nc6
51.Rxb7 Nxa5 52.Rb6+ Kd7 53.Kg5 Kc7 54.Rxa6  1-0

[Event "Bundesliga 1999-2000"]
[Site "Delmenhorst GER"]
[Date "2000.04.09"]
[Round "15"]
[White "Schandorff,L"]
[Black "Klebel,M"]
[Result "1/2-1/2"]
[WhiteElo "2511"]
[BlackElo "2402"]

1.d4 d5 2.c4 c6 3.Nc3 Nf6 4.e3 e6 5.Nf3 Nbd7 6.Bd3 dxc4 7.Bxc4 b5 8.Bd3 Bb7
9.O-O b4 10.Ne4 Be7 11.a3 a5 12.Nxf6+ Nxf6 13.e4 O-O 14.e5 Nd7 15.Qc2 h6
16.Bh7+ Kh8 17.Be4 Qb8 18.Be3 c5 19.Bxb7 Qxb7 20.dxc5 Nxc5 21.axb4 axb4 22.Rxa8 Rxa8
23.Rd1 Rc8 24.h3 Rc7 25.Rd4 Nd7 26.Qa4 Kh7 27.Rd1 Bf8 28.Qa5 Be7 29.Qa4 Bf8
30.Qa5 Be7 31.Qa4  1/2-1/2